| 000 | 00831cab a2200253 4500 | ||
|---|---|---|---|
| 001 | ABS54220 | ||
| 008 | 090401t1996 xxu||||| |||| 00| 0 eng d | ||
| 035 | _a(Sirsi) u9088 | ||
| 041 | _aeng | ||
| 100 | _aWaterhouse, R. | ||
| 245 | _aPerformance squares up to knowledge | ||
| 260 | _c1996 | ||
| 350 | _a0 | ||
| 490 |
_aConstruction Manager _v2(1) December 1995/January 1996, 24-25(2) |
||
| 520 | _aExamines the introduction of an NVQ in project management and how this relates to the APM Certification Programme. | ||
| 650 | _aAPM CERTIFICATE | ||
| 650 | _aASSOCIATION OF PROJECT MANAGERS | ||
| 650 | _aCONSTRUCTION INDUSTRY STANDING CONFERENCE | ||
| 650 | _aMANAGEMENT CHARTER INITIATIVE | ||
| 650 | _aNATIONAL VOCATIONAL QUALIFICATIONS | ||
| 690 |
_aProject management _96261 |
||
| 942 | _n0 | ||
| 948 | _c04/03/1997 | ||
| 999 |
_c5632 _d5632 |
||